[Event "Barcelona Sant Marti op 6th"]
[Site "Barcelona"]
[Date "2017.02.23"]
[Round "7"]
[White "Torres Martinez, Jordi"]
[Black "Gomez Fernandez, Miquel"]
[Result "1-0"]
[WhiteElo "1657"]
[BlackElo "1559"]
[PlyCount "69"]
[EventDate "2017.01.12"]
[EventType "swiss"]
[EventRounds "9"]
[EventCountry "ESP"]
[SourceTitle "EXT 2018"]
[Source "ChessBase"]
[SourceDate "2017.10.13"]
[SourceVersion "1"]
[SourceVersionDate "2017.10.13"]
[SourceQuality "1"]

1. e4 c5 2. Nf3 Nc6 3. d4 cxd4 4. Nxd4 e5 5. Nb5 d6 6. N1c3 a6 7. Na3 Nf6 8. Bg5 Be7 9. Bxf6 Bxf6 10. Nd5 Be6 11. c3 Bxd5 12. Qxd5 0-0 13. Nc4 Be7 14. g3 Qc7 15. 0-0-0 b5 16. Ne3 Rad8 17. h4 Bf6 18. Kb1 b4 19. Ng4 Be7 20. Rd3 Qb6 21. f4 h5 22. Ne3 bxc3 23. Rxc3 Nd4 24. fxe5 Rb8 25. Nc4 Qc5 26. exd6 Rxb2+ 27. Kxb2 Rb8+ 28. Rb3 Nxb3 29. axb3 Qf2+ 30. Qd2 Bf6+ 31. Ka2 Qf3 32. Ne3 Qxe4 33. Rh2 Qe5 34. Qc1 Qa5+ 35. Qa3 1-0

[Event "Barcelona Sant Marti op 6th"]
[Site "Barcelona"]
[Date "2017.02.02"]
[Round "4"]
[White "Garcia Gonzalez, Juan"]
[Black "Torres Martinez, Jordi"]
[Result "1-0"]
[WhiteElo "1802"]
[BlackElo "1657"]
[PlyCount "49"]
[EventDate "2017.01.12"]
[EventType "swiss"]
[EventRounds "9"]
[EventCountry "ESP"]
[SourceTitle "EXT 2018"]
[Source "ChessBase"]
[SourceDate "2017.10.13"]
[SourceVersion "1"]
[SourceVersionDate "2017.10.13"]
[SourceQuality "1"]

1. d4 Nf6 2. e3 e6 3. Bd3 c5 4. c3 cxd4 5. exd4 Be7 6. Nf3 0-0 7. 0-0 b6 8. Nbd2 Ba6 9. Qe2 d5 10. Bxa6 Nxa6 11. Qxa6 Bd6 12. Re1 Qc7 13. h3 Rfe8 14. Qd3 Nh5 15. Nf1 Re7 16. Bd2 f5 17. Ne5 Bxe5 18. Rxe5 g5 19. Bxg5 Rg7 20. Qe3 Rg6 21. Rxe6 Qf7 22. Rxg6+ Qxg6 23. Re1 Kh8 24. Qe5+ Ng7 25. Bf6 1-0

[Event "Barcelona Sant Marti op-B 4th"]
[Site "Barcelona"]
[Date "2015.02.26"]
[Round "7"]
[White "Torres Martinez, Jordi"]
[Black "Orts Gonzalez, Rafael"]
[Result "1-0"]
[WhiteElo "1829"]
[BlackElo "1700"]
[PlyCount "87"]
[EventDate "2015.01.15"]
[EventType "swiss"]
[EventRounds "9"]
[EventCountry "ESP"]
[SourceTitle "EXT 2016"]
[Source "ChessBase"]
[SourceDate "2015.10.08"]
[SourceVersion "1"]
[SourceVersionDate "2015.10.08"]
[SourceQuality "1"]

1. e4 b6 2. d4 g6 3. Nc3 Bb7 4. Be3 a6 5. Nf3 d6 6. d5 Nd7 7. Bd4 f6 8. Ng5 h6 9. Ne6 Qc8 10. Qg4 Kf7 11. f4 h5 12. Qg3 Rh6 13. Be2 h4 14. Qg4 c5 15. Be3 Rh7 16. f5 Ne5 17. fxg6+ Nxg6 18. Rf1 Rh8 19. Bg5 Bg7 20. Bxh4 Nh6 21. Qg3 Qg8 22. Bh5 Bf8 23. Ne2 Ke8 24. Qxg6+ Nf7 25. Qxg8 Rxg8 26. Nc7+ Kd7 27. Nxa8 Rh8 28. Nxb6+ Kc7 29. Bxf7 Rxh4 30. Nc4 Rxe4 31. Na5 Ba8 32. Rf4 Re5 33. g3 Bh6 34. Rh4 Bg5 35. Rh8 Bxd5 36. Bxd5 Rxd5 37. Rd1 Re5 38. Nc4 Re6 39. h4 Be3 40. Nxe3 Rxe3 41. Rd3 Re4 42. Kf2 Kd7 43. Rb3 Ra4 44. Rh7 1-0

[Event "Barcelona Sant Marti op 1st"]
[Site "Barcelona"]
[Date "2012.01.26"]
[Round "1"]
[White "Asensio Linan, Teodoro"]
[Black "Torres Martinez, Jordi"]
[Result "1-0"]
[WhiteElo "2167"]
[BlackElo "1721"]
[PlyCount "113"]
[EventDate "2012.01.26"]
[EventType "swiss"]
[EventRounds "9"]
[EventCountry "ESP"]
[SourceTitle "EXT 2013"]
[Source "ChessBase"]
[SourceDate "2012.11.22"]
[SourceVersion "1"]
[SourceVersionDate "2012.11.22"]
[SourceQuality "1"]

1. e4 e5 2. Nf3 Nf6 3. Nc3 Nc6 4. d4 exd4 5. Nxd4 Bb4 6. Nxc6 bxc6 7. Bd3 d5 8. exd5 Qe7+ 9. Kf1 cxd5 10. Bg5 Bxc3 11. bxc3 0-0 12. Qf3 c6 13. Re1 Qd6 14. Qg3 Qxg3 15. hxg3 Ne4 16. Bxe4 dxe4 17. Rxe4 Rb8 18. Rb4 Bf5 19. Be7 Rfe8 20. Rhh4 Bxc2 21. Rhd4 f6 22. f3 a5 23. Rxb8 Rxb8 24. a3 Rb1+ 25. Kf2 Rd1 26. Rc4 Rd7 27. Bc5 Rd2+ 28. Kg1 Rd1+ 29. Kh2 Bb3 30. Re4 Bd5 31. Re8+ Kf7 32. Re7+ Kg6 33. Ra7 Rc1 34. Bf8 Bf7 35. f4 Rxc3 36. f5+ Kxf5 37. Rxf7 c5 38. Rxg7 c4 39. Rxh7 Rc1 40. Rh5+ Ke4 41. Rxa5 c3 42. Bg7 c2 43. Rc5 Kd3 44. Bxf6 Rf1 45. Bg5 Rf2 46. a4 Kd4 47. Rc7 Rf5 48. Bc1 Kd3 49. g4 Ra5 50. Rd7+ Ke2 51. Rd2+ Ke1 52. Rxc2 Rxa4 53. Kg3 Kd1 54. Rc5 Ke2 55. Re5+ Kf1 56. Bd2 Ra2 57. Re1# 1-0

[Event "Barcelona Primavera La Lira op 4th"]
[Site "Barcelona"]
[Date "2011.06.02"]
[Round "9"]
[White "Febrero Perez, Lluis"]
[Black "Torres Martinez, Jordi"]
[Result "0-1"]
[WhiteElo "1585"]
[BlackElo "1755"]
[PlyCount "76"]
[EventDate "2011.03.31"]
[EventType "swiss"]
[EventRounds "9"]
[EventCountry "ESP"]
[SourceTitle "EXT 2012"]
[Source "ChessBase"]
[SourceDate "2011.11.24"]
[SourceVersion "1"]
[SourceVersionDate "2011.11.24"]
[SourceQuality "1"]

1. e4 e5 2. Nf3 Nf6 3. Nc3 Nc6 4. a3 d5 5. exd5 Nxd5 6. Ne4 Be7 7. Bb5 Bd7 8. Bxc6 Bxc6 9. Nxe5 Bd7 10. Nxd7 Qxd7 11. b4 Qe6 12. d3 f5 13. Qh5+ g6 14. Qh3 Qe5 15. Rb1 fxe4 16. Bb2 Nc3 17. 0-0 0-0 18. Rfe1 Qf6 19. Qe3 Qc6 20. Bxc3 Qxc3 21. Qxe4 Bd6 22. Re2 Rae8 23. Qd5+ Kh8 24. Re4 Rxe4 25. dxe4 Qe5 26. g3 Qxd5 27. exd5 Rf3 28. a4 Rc3 29. Rb2 Be5 30. Ra2 Kg7 31. Kf1 Kf6 32. Ke2 Rc4 33. b5 Rc5 34. Kd3 Rxd5+ 35. Ke4 Rd2 36. Ke3 Rd4 37. c3 Rc4 38. Kd3 Rxc3+ 0-1

[Event "Barcelona La Lira op 29th"]
[Site "Barcelona"]
[Date "2011.02.04"]
[Round "4"]
[White "Sanchez Cuesta, Josep Maria"]
[Black "Torres Martinez, Jordi"]
[Result "1/2-1/2"]
[WhiteElo "1578"]
[BlackElo "1755"]
[PlyCount "81"]
[EventDate "2011.01.14"]
[EventType "swiss"]
[EventRounds "7"]
[EventCountry "ESP"]
[SourceTitle "EXT 2012"]
[Source "ChessBase"]
[SourceDate "2011.11.24"]
[SourceVersion "1"]
[SourceVersionDate "2011.11.24"]
[SourceQuality "1"]

1. e4 e5 2. Nf3 Nc6 3. Bc4 Nf6 4. d3 d6 5. 0-0 Na5 6. Bb3 Nxb3 7. axb3 Be7 8. c4 c5 9. h3 0-0 10. Nc3 Bd7 11. Bg5 Kh8 12. Ra2 Nh5 13. Bd2 Nf4 14. Bxf4 exf4 15. Ne2 g5 16. d4 g4 17. hxg4 Bxg4 18. Nxf4 Bg5 19. Nd5 Rg8 20. dxc5 dxc5 21. Qd3 Bf6 22. Nh2 Bd4 23. Nxg4 Rxg4 24. g3 Qg5 25. Kh2 Qh6+ 26. Kg2 Qg6 27. Ne7 Qxe4+ 28. Qxe4 Rxe4 29. Nd5 Re2 30. Nf4 Rxb2 31. Rxb2 Bxb2 32. Rd1 Bd4 33. Ne2 Rd8 34. Nxd4 cxd4 35. Kf3 Rd6 36. Rd3 Rf6+ 37. Ke2 Rd6 38. Kf3 Kg7 39. Ke4 Rf6 40. f3 Rd6 41. Rxd4 1/2-1/2

[Event "Vilafranca del Penedes op 2nd"]
[Site "Vilafranca del Penedes"]
[Date "2008.05.23"]
[Round "6.9"]
[White "Torres Martinez, Jordi"]
[Black "Casas Mor, Carles"]
[Result "0-1"]
[WhiteElo "1749"]
[BlackElo "2039"]
[PlyCount "52"]
[EventDate "2008.04.11"]
[EventType "swiss"]
[EventRounds "8"]
[EventCountry "ESP"]
[SourceTitle "EXT 2024"]
[Source "ChessBase"]
[SourceDate "2023.10.10"]
[SourceVersion "1"]
[SourceVersionDate "2023.10.10"]
[SourceQuality "1"]

1. e4 e6 2. d4 d5 3. Nc3 Nf6 4. Bg5 Bb4 5. Nge2 h6 6. Bh4 g5 7. Bg3 dxe4 8. a3 Bd6 9. Bxd6 cxd6 10. d5 exd5 11. Nxd5 Nc6 12. Nec3 0-0 13. Nxf6+ Qxf6 14. Nd5 Qe5 15. c3 Be6 16. Nc7 Rac8 17. Nxe6 fxe6 18. h4 e3 19. fxe3 Qg3+ 20. Kd2 Rf2+ 21. Be2 Ne5 22. Kc2 Qxe3 23. Re1 d5 24. Kb1 Qb6 25. Ka2 Nc4 26. Bxc4 Qxb2# 0-1

[Event "Barcelona Sant Marti op 04th"]
[Site "Barcelona"]
[Date "2002.05.25"]
[Round "8.27"]
[White "Martin Sanchez, Antoni"]
[Black "Torres Martinez, Jordi"]
[Result "1/2-1/2"]
[WhiteElo "1880"]
[BlackElo "1700"]
[PlyCount "85"]
[EventDate "2002.04.06"]
[EventType "swiss"]
[EventRounds "9"]
[EventCountry "ESP"]
[SourceTitle "EXT 2003"]
[Source "ChessBase"]
[SourceDate "2002.11.25"]
[SourceVersion "1"]
[SourceVersionDate "2002.11.25"]
[SourceQuality "1"]

1. d4 Nf6 2. c4 g6 3. Nc3 d5 4. cxd5 Nxd5 5. Nf3 Nxc3 6. bxc3 Bg7 7. e3 0-0 8. Be2 c5 9. 0-0 Nc6 10. Qb3 b6 11. dxc5 bxc5 12. Ba3 Qa5 13. Bb2 Ba6 14. Bxa6 Qxa6 15. Qd5 c4 16. Nd4 Ne5 17. a4 e6 18. Qb5 Qxb5 19. axb5 Nd3 20. Ba3 Rfb8 21. Bd6 Rb6 22. Bc7 Rb7 23. Bg3 Bxd4 24. cxd4 Rxb5 25. Ra4 Rb4 26. Ra3 a5 27. Rfa1 Rab8 28. h4 Rb1+ 29. Rxb1 Rxb1+ 30. Kh2 Rb5 31. Rc3 Rb4 32. Bd6 Rb6 33. Bc5 Nxc5 34. dxc5 Rc6 35. Rxc4 Kg7 36. Kg3 Kf6 37. Kf4 e5+ 38. Ke4 Ke6 39. Kd3 f5 40. f3 Kd7 41. f4 exf4 42. exf4 Ra6 43. Ra4 1/2-1/2